000 01433nam a2200205 a 4500
005 20260109063946.0
008 991125s1989 mx 000 0 spa u
035 _aUPN01000040354
049 _aAV
099 _aPVI Q 0648
245 0 0 _aMultifaz (volumen 11) :
_bMultifaz 21 y 22.
260 _aMéxico :
_bCNCA :
_bCONACYT,
_c1989.
300 _a1 videocasete (VHS) (27 min. y 29 min.) :
_bson., col.
505 8 _aContenido:
_gMultifaz 21.
_tControl de la calidad alimentaria -- La luz -- Esculturas vivientes -- El derecho de nacer -- La buena tierra -- Sólo para despistados
_gMultifaz 22.
_tCómo se hace un programa de TV -- Las gasolinas dejarán de contaminar -- Construya e instale su propia antena parabólica. -- La rabia: una vieja enfermedad
500 _aCada programa se divide en varias secciones de 3 a 5 minutos en promedio donde se presentan diversos temas de carácter científico-tecnológico acordes al perfil de la sección. La información puede ir desde la reseña de un libro, la presentación de algún problema social o científico, la descripción de una especie animal o vegetal, hasta los avances de tal o cual rama de la investigación en nuestro país. El proyecto está dividido en diez secciones las cuales se distribuyen de forma distinta en cada programa
500 _aInformación tomada de la cubierta
650 4 _aCiencia
_97469
650 7 _aTecnología
_2
_911976
905 _aAudiovisuales
999 _c40354
_d40354